[Event "Manizales Las Americas op-C"]
[Site "Manizales"]
[Date "2021.10.17"]
[Round "7"]
[White "Sierra Martinez, Mallerly"]
[Black "Lopez Londono, Alejandro"]
[Result "0-1"]
[WhiteElo "1572"]
[BlackElo "1600"]
[PlyCount "68"]
[EventDate "2021.10.14"]
[EventType "swiss"]
[EventRounds "9"]
[EventCountry "COL"]
[SourceTitle "EXT 2023"]
[Source "ChessBase"]
[SourceDate "2022.10.05"]
[SourceVersion "1"]
[SourceVersionDate "2022.10.05"]
[SourceQuality "1"]

1. e4 e6 2. Nc3 c6 3. g3 g6 4. Bg2 Bg7 5. d3 d5 6. exd5 exd5 7. d4 Bf5 8. h3 Qe7+ 9. Nge2 Nf6 10. 0-0 0-0 11. Be3 Na6 12. a3 Nc7 13. Re1 Ne4 14. g4 Bd7 15. Nxe4 dxe4 16. Ng3 f5 17. gxf5 gxf5 18. Nh5 Nd5 19. c3 f4 20. Bc1 f3 21. Bxf3 Rxf3 22. Qxf3 exf3 23. Rxe7 Nxe7 24. Kh2 Nf5 25. Bf4 Re8 26. Rg1 Kf7 27. Be3 Rg8 28. b4 Be6 29. Nf4 Bc4 30. Rg5 Nxe3 31. fxe3 f2 32. Rf5+ Bf6 33. Ne2 f1Q 34. Rxf1 Bxe2 0-1

[Event "Manizales Las Americas op-C"]
[Site "Manizales"]
[Date "2021.10.16"]
[Round "4"]
[White "Sierra Martinez, Mallerly"]
[Black "Patino Castaneda, Jose Ignacio"]
[Result "1-0"]
[WhiteElo "1572"]
[BlackElo "1648"]
[PlyCount "75"]
[EventDate "2021.10.14"]
[EventType "swiss"]
[EventRounds "9"]
[EventCountry "COL"]
[SourceTitle "EXT 2023"]
[Source "ChessBase"]
[SourceDate "2022.10.05"]
[SourceVersion "1"]
[SourceVersionDate "2022.10.05"]
[SourceQuality "1"]

1. e4 c5 2. Nc3 Nc6 3. g3 a6 4. Bg2 Nf6 5. h3 e6 6. d3 h6 7. f4 d5 8. e5 Nd7 9. Nge2 Be7 10. h4 Qc7 11. Bd2 b5 12. a3 Bb7 13. Qc1 Qb6 14. Nd1 c4 15. d4 a5 16. c3 b4 17. 0-0 b3 18. f5 Ncxe5 19. Nf2 Nc6 20. fxe6 fxe6 21. Nf4 Nd8 22. Qd1 0-0 23. Ng6 Rf7 24. Ng4 Bf6 25. Bxh6 gxh6 26. Nxh6+ Kg7 27. Qh5 Qc7 28. Nxf7 Nxf7 29. Nf4 Qd6 30. Qg6+ Kf8 31. Nh5 Qe7 32. Rae1 Ke8 33. Qg8+ Qf8 34. Rxe6+ Be7 35. Ng7+ Kd8 36. Qxf7 Qxf7 37. Rxf7 Bf8 38. Re8+ 1-0